Geographie nach Buchstaben - G - Statistiken

Allgemein
  • Dieses Quiz wurde 415 mal gespielt
  • Das Durchschnittsergebnis liegt bei 15 aus 22
Antwortstatistiken
Hinweis Antwort % Korrekt
Ungarischer Ragout aus Fleisch und Gemüse Gulasch
92%
Der heiligste Fluss des Hinduismus Ganges
87%
Größte Stadt in Schottland Glasgow
86%
Heimatstadt des FC Schalke 04 Gelsenkirchen
85%
Südamerikanisches Land Guyana
82%
Chinesische Wüste Gobi
81%
Österreichs zweitgrößte Stadt Graz
81%
Meerenge zwischen Spanien und Marokko Gibraltar
78%
Schweizerisch-französischer See Genfersee
77%
Schwedens zweitgrößte Stadt Göteborg
76%
Von Darwin besuchte ecuadorianische Inselkette Galapagos
73%
Gebietsschema der ägyptischen Pyramide Giseh
68%
Italienischer Name entspricht Johannes Giovanni
66%
Sechsmal so groß wie Deutschland, mit 56 000 Einwohner Grönland
65%
Der italienische Geburtsort von Christoph Kolumbus Genua
62%
Der Name dieses Landes sieht in seiner Muttersprache so aus: საქართველო Georgien
59%
Viehzüchter in Patagonien Gaucho
57%
Spanische Tomatensuppe, kalt serviert Gazpacho
57%
Huron, Oberer, Michigan, usw... Große Seen
57%
Meereseinschnitt ähnlich einer Bucht Golf
46%
Kleine amerikanische Insel im Westpazifik Guam
41%
Mexikos zweitgrößte Metropolregion Guadalajara
38%
Keine übereinstimmenden Quizze gefunden
Verteilung der Resultate
Anzahl Personen mit jedem Resultat
Perzentil nach korrekt beantworteten Fragen
Ihre Resultats-Entwicklung
Sie haben dieses Quiz noch nicht gespielt